| 000 | 00611nam a2200217 a 4500 | ||
|---|---|---|---|
| 001 | BRL_1465 | ||
| 005 | 20190320211224.0 | ||
| 008 | 210114s1995----mx-o######---#000-0#spa-# | ||
| 020 | _a9682985218 | ||
| 041 | _aspa | ||
| 044 | _amx | ||
| 050 | 4 |
_aQ180 _b.P74 1994 |
|
| 245 | 1 | 0 | _aPremio Nacional de Ciencias y Artes, 1994 |
| 260 |
_aMéxico _bConsejo del Premio Nacional de Ciencias y Arte : SEP _c1995 _gnoviembre 1995 |
||
| 300 |
_a101 p. _bil. _c21 cm. |
||
| 500 | _aAu1828 | ||
| 650 | 1 | 4 |
_aCiencia _xPremios _zMéxico _927011 |
| 650 | 1 | 4 |
_aArte _xPremios _zMéxico _927012 |
| 902 | _aGRL | ||
| 942 |
_2lcc _cB |
||
| 999 |
_c10275 _d10275 |
||